• 首页
  • 本馆介绍
  • 公告通知
  • 最新文献
  • 馆藏检索
  • 电子资源
  • 读者导购
  • 参考咨询
  • 我的图书馆
  • 登录
  • 详细信息显示
  • 放入我的书架
  • 预约/预借图书
  • 作者相关作品
  • 分类相关作品
  • 丛书相关作品
  • 出版社相关作品

书目信息

  • 表格格式
  • 工作单格式
  • 卡片格式
题名:
家的色彩
    
 
作者: 招霞 主编
分册:  
出版信息: 南京   江苏凤凰科学技术出版社  2018.06
页数: 191页
开本: 23cm
丛书名:
单 册:
中图分类: TU241.02 , TU767.7
科图分类:
主题词: 住宅--建筑色彩--室内装饰设计 , 建筑工程--工程施工
电子资源:
ISBN: 978-7-5537-9213-2
000 00831nam0 2200241 450
001 376
005 20180922092437.97
010    @a978-7-5537-9213-2@dCNY78.00
100    @a20180819d2018 em y0chiy50 ea
101 0  @achi
102    @aCN@b320000
105    @aa z 000yy
200 1  @a家的色彩@9jia de se cai@f招霞主编
210    @a南京@c江苏凤凰科学技术出版社@d2018.06
215    @a191页@c彩图@d23cm
330    @a本书以色彩搭配的原理开篇,从色调配色、格调配色两条主线出发,全方位展示不同色相、明度、纯度色彩的搭配方案,并总结出常用格调的色彩气质,帮助设计师直接准确地把握不同风格配色要领。
606 0  @a住宅@x建筑色彩@x室内装饰设计
606 0  @a建筑工程@x工程施工
690    @aTU241.02@v5
690    @aTU767.7@v4
701  0 @a招霞@9zhao xia@c(色彩学)@4主编
801  0 @aCN@b91MARC@c20180819
905    @aMuseLib@dTU767.7@e1427
    
    家的色彩/招霞主编.-南京:江苏凤凰科学技术出版社,2018.06
    191页:彩图;23cm
    
    
    ISBN 978-7-5537-9213-2:CNY78.00
    本书以色彩搭配的原理开篇,从色调配色、格调配色两条主线出发,全方位展示不同色相、明度、纯度色彩的搭配方案,并总结出常用格调的色彩气质,帮助设计师直接准确地把握不同风格配色要领。
●
相关链接 在E读中查询图书 在五车中查询图书 在当当中查询图书 在豆瓣中查询图书


正题名:家的色彩     索取号:TU767.7/1427         预约/预借

序号 登录号 条形码 馆藏地/架位号 状态 备注
1 1119589   211195892   第二样本阅览室/ [索取号:TU767.7/1427] 在馆    
2 1119590   211195909   第三借阅区/ [索取号:TU767.7/1427] 在馆    
3 1119591   211195918   第三借阅区/ [索取号:TU767.7/1427] 在馆    
4 1119592   211195927   密集书库-资源管理系/ [索取号:TU767.7/1427] 在馆    
5 1119593   211195936   第三借阅区/ [索取号:TU767.7/1427] 在馆    
唐山师范学院图书馆 欢迎您!
大连网信软件有限公司© 版权所有